000 00187 a2200097 4500
020 _a9780545645508
041 _aspa
100 _aLander Ace
245 _aAtaque Extraterrestre
942 _cBK
999 _c8100
_d8100